000 01040nam a2200325Ia 4500
001 Z_5583
003 CHAP
008 220113s2007 xx 000 0 und d
010 _a168677
040 _cCHAP
090 _aTesis A 2041
100 _aAlvarez Hernández, Israel
_982404
245 _aCaracterización de la ganadería caprina en a comunidad de San José Ixtapa, municipio de Cañada Morelos, Puebla /
_cIsrael Alvarez Hernández
260 _aChapingo, Méx. :
_bEl autor,
_c2007
300 _a78 H.
502 _aTesis (Ing. Agr. Esp. en Zootecnia) -- UACH. Departamento de Zootecnia
650 _aCastración
_920292
650 _aDestete
_932201
650 _aGanado cabrío
_x Genética
_945013
650 _aGanado cabrío
_xAlimentación
_944990
650 _aGanado cabrío
_xProducción
_945038
650 _aGanado de carne
_xProducción
_945104
700 _aI. Olmos Gutiérrez, Iván
_9142957
901 _aTESIS A 2041
902 _aM
910 _a2007
942 _c2
942 _c2
999 _c168677
_d168677